Highest Grossing Movies of 2015 - Statistics

General Stats
  • This quiz has been taken 57 times
  • The average score is 8 of 60
Answer Stats
Rank Gross Movie Company % Correct
1 $2,068,200,000 Star Wars: The Force Awakens Disney – Lucasfilm
75%
4 $1,405,400,000 Avengers: Age of Ultron Disney – Marvel Studios
71%
2 $1,671,700,000 Jurassic World Universal Pictures
46%
7 $857,600,000 Inside Out Disney – Pixar
42%
6 $880,700,000 Spectre Metro-Goldwyn-Mayer – Sony Pictures
42%
14 $519,300,000 Ant-Man Disney – Marvel Studios
38%
3 $1,516,000,000 Furious 7 Universal Pictures
38%
5 $1,159,400,000 Minions Universal Pictures – Illumination
33%
9 $653,400,000 The Hunger Games: Mockingjay – Part 2 Lionsgate
25%
13 $533,000,000 The Revenant 20th Century Fox
25%
10 $630,200,000 The Martian 20th Century Fox
21%
22 $325,200,000 The SpongeBob Movie: Sponge Out of Water Paramount Pictures – Nickelodeon
21%
24 $297,300,000 The Divergent Series: Insurgent Summit Entertainment
17%
21 $332,200,000 The Good Dinosaur Disney – Pixar
17%
26 $246,200,000 The Peanuts Movie 20th Century Fox – Blue Sky Studios
17%
30 $234,800,000 Alvin and the Chipmunks: The Road Chip Fox 2000 Pictures
13%
12 $543,500,000 Cinderella Walt Disney Pictures
13%
37 $173,600,000 Creed Metro-Goldwyn-Mayer – Warner Bros. Pictures
13%
11 $571,100,000 Fifty Shades of Grey Universal Pictures
13%
20 $378,900,000 Mad Max: Fury Road Warner Bros. Pictures
13%
8 $682,300,000 Mission: Impossible – Rogue Nation Paramount Pictures
13%
25 $287,500,000 Pitch Perfect 2 Universal Pictures
13%
27 $244,900,000 Pixels Columbia Pictures
13%
41 $155,800,000 The Hateful Eight The Weinstein Company
13%
39 $165,500,000 Bridge of Spies Touchstone – DreamWorks – 20th Century Fox
8%
38 $168,000,000 Fantastic Four 20th Century Fox – Marvel Studios
8%
18 $386,000,000 Home 20th Century Fox – DreamWorks
8%
16 $473,200,000 Hotel Transylvania 2 Columbia – Sony Pictures
8%
15 $474,000,000 San Andreas Warner Bros. – New Line Cinema
8%
57 $105,000,000 Sisters Universal Pictures
8%
34 $201,600,000 Straight Outta Compton Universal Pictures
8%
28 $242,800,000 Daddy's Home Paramount Pictures
4%
40 $159,100,000 Focus Warner Bros. Pictures
4%
42 $150,200,000 Goosebumps Columbia – Sony Pictures
4%
60 $101,100,000 Joy Fox 2000 Pictures
4%
36 $184,000,000 Jupiter Ascending Warner Bros. Pictures
4%
23 $312,300,000 Maze Runner: The Scorch Trials 20th Century Fox
4%
46 $133,700,000 Point Break Warner Bros. Pictures
4%
31 $216,700,000 Ted 2 Universal Pictures
4%
17 $440,600,000 Terminator Genisys Paramount Pictures
4%
47 $133,400,000 The Big Short Paramount Pictures
4%
54 $109,800,000 The Man from U.N.C.L.E. Warner Bros. Pictures
4%
32 $209,200,000 Tomorrowland Walt Disney Pictures
4%
58 $104,900,000 Vacation Warner Bros. – New Line Cinema
4%
44 $141,300,000 Bajrangi Bhaijaan Salman Khan Films
0%
59 $102,100,000 CHAPPiE Columbia Pictures
0%
51 $120,000,000 Dragon Blade Alibaba Pictures
0%
33 $203,400,000 Everest Universal Pictures
0%
53 $111,800,000 Get Hard Warner Bros. Pictures
0%
52 $113,000,000 Insidious: Chapter 3 Focus Features
0%
50 $122,500,000 Magic Mike XXL Warner Bros. Pictures
0%
19 $385,300,000 Monster Hunt Dream Sky Entertainment
0%
48 $128,400,000 Pan Warner Bros. Pictures
0%
55 $107,600,000 Paul Blart: Mall Cop 2 Columbia Pictures
0%
56 $106,200,000 Shaun the Sheep Movie Lionsgate
0%
29 $235,700,000 Spy 20th Century Fox
0%
35 $194,600,000 The Intern Warner Bros. Pictures
0%
43 $146,900,000 The Last Witch Hunter Summit Entertainment
0%
45 $140,800,000 Trainwreck Universal Pictures
0%
49 $122,700,000 Wolf Totem China Film Group
0%
No matching quizzes found
Score Distribution
Percent of People with Each Score
Percentile by Number Answered
Your Score History
You have not taken this quiz